[Event "ODJM C 2024"]
[Site "Willingen GER"]
[Date "2024.05.22"]
[Round "5"]
[White "Peglau, Lorena"]
[Black "Englert, Ann"]
[Result "1/2-1/2"]
[Termination "normal"]
[Board "12"]
[WhiteElo "1563"]
[BlackElo "1530"]
[WhiteClock "00:19:02"]
[BlackClock "00:25:17"]
[PlyCount "77"]
[WhiteFideId "16290542"]
[BlackFideId "34606181"]
[EventCountry "GER"]
[EventRounds "9"]
[EventType "swiss"]
[EventDate "2024.05.18"]

1. d4 {[%clk 01:30:58]} {[%emt 00:00:02]} d5 {[%clk 01:30:54]} {[%emt
00:00:06]} 2. Nf3 {[%clk 01:31:23]} {[%emt 00:00:06]} Nf6 {[%clk 01:30:57]}
{[%emt 00:00:27]} 3. Bf4 {[%clk 01:31:46]} {[%emt 00:00:07]} Bf5 {[%clk
01:31:05]} {[%emt 00:00:22]} 4. e3 {[%clk 01:32:02]} {[%emt 00:00:14]} e6
{[%clk 01:30:55]} {[%emt 00:00:40]} 5. c4 {[%clk 01:32:02]} {[%emt 00:00:31]}
c6 {[%clk 01:30:06]} {[%emt 00:01:18]} 6. Nc3 {[%clk 01:31:17]} {[%emt
00:01:15]} Bd6 {[%clk 01:29:50]} {[%emt 00:00:47]} 7. Bg5 {[%clk 01:31:33]}
{[%emt 00:00:13]} O-O {[%clk 01:28:52]} {[%emt 00:01:28]} 8. Be2 {[%clk
01:31:45]} {[%emt 00:00:51]} Nbd7 {[%clk 01:28:05]} {[%emt 00:00:43]} 9. O-O
{[%clk 01:31:54]} {[%emt 00:00:21]} h6 {[%clk 01:27:46]} {[%emt 00:00:49]} 10.
Bh4 {[%clk 01:31:38]} {[%emt 00:00:46]} Be7 {[%clk 01:26:01]} {[%emt 00:02:15]}
11. Qb3 {[%clk 01:30:35]} {[%emt 00:01:33]} b6 {[%clk 01:23:10]} {[%emt
00:03:21]} 12. Bg3 {[%clk 01:28:21]} {[%emt 00:02:44]} Ne4 {[%clk 01:18:56]}
{[%emt 00:04:44]} 13. Nxe4 {[%clk 01:24:13]} {[%emt 00:04:38]} Bxe4 {[%clk
01:18:28]} {[%emt 00:00:58]} 14. Rfc1 {[%clk 01:22:02]} {[%emt 00:02:41]} Nf6
{[%clk 01:07:55]} {[%emt 00:11:04]} 15. Ne5 {[%clk 01:20:37]} {[%emt 00:01:54]}
c5 {[%clk 01:04:26]} {[%emt 00:03:59]} 16. Qc3 {[%clk 01:18:57]} {[%emt
00:02:10]} Rc8 {[%clk 00:59:52]} {[%emt 00:05:03]} 17. dxc5 {[%clk 01:10:12]}
{[%emt 00:09:17]} bxc5 {[%clk 00:56:26]} {[%emt 00:03:56]} 18. Rd1 {[%clk
01:08:40]} {[%emt 00:02:01]} Qb6 {[%clk 00:52:17]} {[%emt 00:04:38]} 19. Rd2
{[%clk 00:59:10]} {[%emt 00:10:01]} Rfd8 {[%clk 00:51:07]} {[%emt 00:01:38]}
20. Rad1 {[%clk 00:56:44]} {[%emt 00:02:58]} Bf5 {[%clk 00:49:54]} {[%emt
00:01:42]} 21. f3 {[%clk 00:44:55]} {[%emt 00:12:19]} d4 {[%clk 00:44:06]}
{[%emt 00:06:19]} 22. Qc1 {[%clk 00:36:32]} {[%emt 00:08:53]} dxe3 {[%clk
00:42:44]} {[%emt 00:01:52]} 23. Rxd8+ {[%clk 00:36:49]} {[%emt 00:00:12]} Rxd8
{[%clk 00:43:06]} {[%emt 00:00:09]} 24. Rxd8+ {[%clk 00:36:45]} {[%emt
00:00:34]} Bxd8 {[%clk 00:42:40]} {[%emt 00:00:55]} 25. Bf4 {[%clk 00:33:13]}
{[%emt 00:04:02]} Bc7 {[%clk 00:38:00]} {[%emt 00:05:10]} 26. Qc3 {[%clk
00:32:24]} {[%emt 00:01:20]} Qb8 {[%clk 00:37:27]} {[%emt 00:01:00]} 27. b3
{[%clk 00:31:53]} {[%emt 00:01:03]} Nh5 {[%clk 00:34:39]} {[%emt 00:03:18]} 28.
Nc6 {[%clk 00:26:21]} {[%emt 00:06:02]} Qb7 {[%clk 00:34:23]} {[%emt 00:00:42]}
29. Bxc7 {[%clk 00:25:34]} {[%emt 00:01:21]} Qxc7 {[%clk 00:34:13]} {[%emt
00:00:41]} 30. Ne5 {[%clk 00:24:22]} {[%emt 00:01:41]} Nf6 {[%clk 00:31:43]}
{[%emt 00:03:01]} 31. Qxe3 {[%clk 00:23:59]} {[%emt 00:00:54]} Qd6 {[%clk
00:30:53]} {[%emt 00:01:06]} 32. Nd3 {[%clk 00:22:57]} {[%emt 00:01:44]} Bxd3
{[%clk 00:30:42]} {[%emt 00:00:42]} 33. Qxd3 {[%clk 00:20:51]} {[%emt
00:02:36]} Qxd3 {[%clk 00:30:37]} {[%emt 00:00:35]} 34. Bxd3 {[%clk 00:21:15]}
{[%emt 00:00:06]} Kf8 {[%clk 00:30:42]} {[%emt 00:00:25]} 35. Kf2 {[%clk
00:21:40]} {[%emt 00:00:05]} Ke7 {[%clk 00:30:48]} {[%emt 00:00:24]} 36. Ke3
{[%clk 00:21:43]} {[%emt 00:00:27]} Kd6 {[%clk 00:30:09]} {[%emt 00:01:09]} 37.
Be4 {[%clk 00:21:51]} {[%emt 00:00:22]} a5 {[%clk 00:28:44]} {[%emt 00:01:53]}
38. Ba8 {[%clk 00:20:30]} {[%emt 00:01:52]} Ne8 {[%clk 00:25:17]} {[%emt
00:03:56]} 39. Be4 {[%clk 00:19:02]} {[%emt 00:02:00]} 1/2-1/2

[Event "ODJM C 2024"]
[Site "Willingen GER"]
[Date "2024.05.22"]
[Round "5"]
[White "Jamalli, Ali"]
[Black "Nguyen Trung, Atticus"]
[Result "1/2-1/2"]
[Termination "normal"]
[Board "13"]
[WhiteElo "1544"]
[BlackElo "1581"]
[WhiteClock "00:16:29"]
[BlackClock "00:09:32"]
[PlyCount "80"]
[WhiteFideId "34691464"]
[BlackFideId "34670041"]
[EventCountry "GER"]
[EventRounds "9"]
[EventType "swiss"]
[EventDate "2024.05.18"]

1. d4 {[%clk 01:30:56]} {[%emt 00:00:04]} Nf6 {[%clk 01:30:42]} {[%emt
00:00:18]} 2. Nf3 {[%clk 01:30:59]} {[%emt 00:00:27]} e6 {[%clk 01:30:19]}
{[%emt 00:00:53]} 3. Bf4 {[%clk 01:30:36]} {[%emt 00:00:53]} b6 {[%clk
01:26:18]} {[%emt 00:04:30]} 4. Nc3 {[%clk 01:29:35]} {[%emt 00:01:32]} Bb7
{[%clk 01:21:01]} {[%emt 00:05:46]} 5. e3 {[%clk 01:23:41]} {[%emt 00:06:25]}
c5 {[%clk 01:16:48]} {[%emt 00:04:43]} 6. dxc5 {[%clk 01:15:55]} {[%emt
00:08:16]} Bxc5 {[%clk 01:10:36]} {[%emt 00:06:42]} 7. Be2 {[%clk 01:09:36]}
{[%emt 00:06:49]} a6 {[%clk 01:04:24]} {[%emt 00:06:42]} 8. O-O {[%clk
01:09:28]} {[%emt 00:00:37]} d5 {[%clk 01:03:22]} {[%emt 00:01:32]} 9. Na4
{[%clk 01:03:04]} {[%emt 00:06:54]} Bd6 {[%clk 00:59:56]} {[%emt 00:03:56]} 10.
Bxd6 {[%clk 00:59:05]} {[%emt 00:04:29]} Qxd6 {[%clk 00:59:39]} {[%emt
00:00:46]} 11. Nc3 {[%clk 00:55:13]} {[%emt 00:04:24]} O-O {[%clk 00:55:31]}
{[%emt 00:04:36]} 12. Bd3 {[%clk 00:53:11]} {[%emt 00:02:34]} Nbd7 {[%clk
00:48:45]} {[%emt 00:07:14]} 13. Ne2 {[%clk 00:51:32]} {[%emt 00:02:10]} e5
{[%clk 00:45:40]} {[%emt 00:03:35]} 14. Bf5 {[%clk 00:50:45]} {[%emt 00:01:19]}
Rfe8 {[%clk 00:38:47]} {[%emt 00:07:20]} 15. Ng3 {[%clk 00:47:04]} {[%emt
00:04:13]} Nf8 {[%clk 00:29:52]} {[%emt 00:09:22]} 16. c3 {[%clk 00:40:08]}
{[%emt 00:07:30]} Ng6 {[%clk 00:27:30]} {[%emt 00:02:49]} 17. Bxg6 {[%clk
00:39:14]} {[%emt 00:01:27]} fxg6 {[%clk 00:27:13]} {[%emt 00:00:46]} 18. Ne1
{[%clk 00:34:58]} {[%emt 00:04:47]} Qc5 {[%clk 00:21:44]} {[%emt 00:05:54]} 19.
Nd3 {[%clk 00:32:23]} {[%emt 00:03:10]} Qc7 {[%clk 00:18:23]} {[%emt 00:03:49]}
20. Re1 {[%clk 00:25:48]} {[%emt 00:07:07]} Rad8 {[%clk 00:15:51]} {[%emt
00:03:01]} 21. f4 {[%clk 00:23:08]} {[%emt 00:03:11]} e4 {[%clk 00:14:48]}
{[%emt 00:01:33]} 22. Ne5 {[%clk 00:23:04]} {[%emt 00:00:34]} Nd7 {[%clk
00:13:08]} {[%emt 00:02:08]} 23. Nxd7 {[%clk 00:22:56]} {[%emt 00:00:41]} Rxd7
{[%clk 00:12:57]} {[%emt 00:00:40]} 24. Qd4 {[%clk 00:20:08]} {[%emt 00:03:18]}
Qc5 {[%clk 00:12:14]} {[%emt 00:01:12]} 25. Qxc5 {[%clk 00:19:34]} {[%emt
00:01:05]} bxc5 {[%clk 00:12:34]} {[%emt 00:00:09]} 26. Red1 {[%clk 00:19:32]}
{[%emt 00:00:32]} Red8 {[%clk 00:12:22]} {[%emt 00:00:42]} 27. Ne2 {[%clk
00:18:49]} {[%emt 00:01:14]} a5 {[%clk 00:12:09]} {[%emt 00:00:43]} 28. a4
{[%clk 00:18:58]} {[%emt 00:00:21]} Ba6 {[%clk 00:12:23]} {[%emt 00:00:15]} 29.
Ng3 {[%clk 00:18:45]} {[%emt 00:00:43]} Bd3 {[%clk 00:11:08]} {[%emt 00:01:45]}
30. Kf2 {[%clk 00:16:16]} {[%emt 00:02:59]} c4 {[%clk 00:11:02]} {[%emt
00:00:37]} 31. Ne2 {[%clk 00:15:28]} {[%emt 00:01:18]} Rb8 {[%clk 00:10:08]}
{[%emt 00:01:23]} 32. Rd2 {[%clk 00:15:22]} {[%emt 00:00:36]} Bxe2 {[%clk
00:09:02]} {[%emt 00:01:36]} 33. Kxe2 {[%clk 00:14:31]} {[%emt 00:01:21]} Kf7
{[%clk 00:09:08]} {[%emt 00:00:23]} 34. Rad1 {[%clk 00:14:52]} {[%emt
00:00:08]} Rbd8 {[%clk 00:09:26]} {[%emt 00:00:14]} 35. g4 {[%clk 00:15:07]}
{[%emt 00:00:16]} h6 {[%clk 00:08:30]} {[%emt 00:01:26]} 36. h4 {[%clk
00:15:18]} {[%emt 00:00:19]} h5 {[%clk 00:08:22]} {[%emt 00:00:37]} 37. g5
{[%clk 00:15:42]} {[%emt 00:00:07]} Ke6 {[%clk 00:08:40]} {[%emt 00:00:09]} 38.
Kf2 {[%clk 00:16:10]} {[%emt 00:00:03]} Kf5 {[%clk 00:08:51]} {[%emt 00:00:19]}
39. Kg3 {[%clk 00:16:14]} {[%emt 00:00:27]} Ke6 {[%clk 00:09:07]} {[%emt
00:00:14]} 40. Kf2 {[%clk 00:16:29]} {[%emt 00:00:14]} Kf5 {[%clk 00:09:32]}
1/2-1/2

[Event "ODJM C 2024"]
[Site "Willingen GER"]
[Date "2024.05.22"]
[Round "5"]
[White "Gehring, Enja"]
[Black "Knaudt, Anna"]
[Result "1/2-1/2"]
[Termination "normal"]
[Board "14"]
[WhiteElo "1440"]
[BlackElo "1330"]
[WhiteClock "01:37:25"]
[BlackClock "00:17:52"]
[PlyCount "95"]
[WhiteFideId "34659803"]
[BlackFideId "533001910"]
[EventCountry "GER"]
[EventRounds "9"]
[EventType "swiss"]
[EventDate "2024.05.18"]

1. e4 {[%clk 01:30:58]} {[%emt 00:00:01]} e5 {[%clk 01:30:54]} {[%emt
00:00:06]} 2. Nf3 {[%clk 01:31:24]} {[%emt 00:00:05]} Nc6 {[%clk 01:31:18]}
{[%emt 00:00:06]} 3. Bc4 {[%clk 01:31:26]} {[%emt 00:00:28]} Nf6 {[%clk
01:31:41]} {[%emt 00:00:08]} 4. d3 {[%clk 01:31:39]} {[%emt 00:00:16]} Bc5
{[%clk 01:31:50]} {[%emt 00:00:21]} 5. Nc3 {[%clk 01:31:51]} {[%emt 00:00:18]}
d6 {[%clk 01:31:58]} {[%emt 00:00:23]} 6. Bg5 {[%clk 01:32:01]} {[%emt
00:00:19]} h6 {[%clk 01:32:07]} {[%emt 00:00:21]} 7. Bh4 {[%clk 01:32:24]}
{[%emt 00:00:06]} Be6 {[%clk 01:31:51]} {[%emt 00:00:47]} 8. Nd5 {[%clk
01:32:33]} {[%emt 00:00:20]} Bxd5 {[%clk 01:23:01]} {[%emt 00:09:21]} 9. Bxd5
{[%clk 01:32:23]} {[%emt 00:00:40]} Rb8 {[%clk 01:16:50]} {[%emt 00:06:41]} 10.
a4 {[%clk 01:31:24]} {[%emt 00:01:29]} Ne7 {[%emt 00:03:43]} 11. Bxf6 {[%clk
01:31:04]} gxf6 {[%clk 01:14:36]} {[%emt 00:00:20]} 12. Ba2 {[%clk 01:31:15]}
{[%emt 00:00:18]} Rg8 {[%clk 01:10:49]} {[%emt 00:04:18]} 13. g3 {[%clk
01:31:24]} {[%emt 00:00:22]} Qd7 {[%clk 01:08:33]} {[%emt 00:02:45]} 14. c3
{[%clk 01:31:14]} {[%emt 00:00:39]} Qg4 {[%clk 00:47:40]} {[%emt 00:21:23]} 15.
b4 {[%clk 01:30:55]} {[%emt 00:00:49]} Bxb4 {[%clk 00:42:32]} {[%emt 00:05:39]}
16. cxb4 {[%clk 01:31:09]} {[%emt 00:00:16]} d5 {[%clk 00:39:10]} {[%emt
00:03:52]} 17. Nh4 {[%clk 01:31:12]} {[%emt 00:00:26]} dxe4 {[%clk 00:36:34]}
{[%emt 00:03:06]} 18. Qxg4 {[%clk 01:30:51]} {[%emt 00:00:52]} Rxg4 {[%clk
00:36:09]} {[%emt 00:00:55]} 19. h3 {[%clk 01:27:47]} {[%emt 00:03:34]} Rg5
{[%clk 00:31:40]} {[%emt 00:04:59]} 20. dxe4 {[%clk 01:27:51]} {[%emt
00:00:25]} Rd8 {[%clk 00:29:17]} {[%emt 00:02:54]} 21. Rc1 {[%clk 01:26:01]}
{[%emt 00:02:20]} Nc6 {[%clk 00:28:22]} {[%emt 00:01:25]} 22. b5 {[%clk
01:24:56]} {[%emt 00:01:35]} Nb4 {[%clk 00:28:20]} {[%emt 00:00:32]} 23. Bc4
{[%clk 01:24:22]} {[%emt 00:01:04]} Rd4 {[%clk 00:26:50]} {[%emt 00:02:01]} 24.
O-O {[%clk 01:24:00]} {[%emt 00:00:52]} Rxe4 {[%clk 00:26:06]} {[%emt
00:01:14]} 25. Ng2 {[%clk 01:22:31]} {[%emt 00:01:59]} Rd4 {[%clk 00:19:45]}
{[%emt 00:06:51]} 26. Bb3 {[%clk 01:21:18]} {[%emt 00:01:42]} c6 {[%clk
00:17:16]} {[%emt 00:02:59]} 27. bxc6 {[%clk 01:21:09]} {[%emt 00:00:38]} Nxc6
{[%clk 00:17:40]} {[%emt 00:00:07]} 28. Rc4 {[%clk 01:19:52]} {[%emt 00:01:47]}
Rxc4 {[%clk 00:14:33]} {[%emt 00:03:37]} 29. Bxc4 {[%clk 01:20:11]} {[%emt
00:00:11]} Nd4 {[%clk 00:14:30]} {[%emt 00:00:33]} 30. Rb1 {[%clk 01:17:18]}
{[%emt 00:03:22]} Nf3+ {[%clk 00:14:44]} {[%emt 00:00:16]} 31. Kh1 {[%clk
01:17:20]} {[%emt 00:00:28]} e4 {[%clk 00:10:45]} {[%emt 00:04:30]} 32. Ne1
{[%clk 01:15:31]} {[%emt 00:02:19]} Nd2 {[%clk 00:09:14]} {[%emt 00:02:00]} 33.
Bxf7+ {[%clk 01:14:27]} {[%emt 00:01:34]} Kxf7 {[%clk 00:09:32]} {[%emt
00:00:13]} 34. Rxb7+ {[%clk 01:14:46]} {[%emt 00:00:12]} Kg6 {[%clk 00:08:46]}
{[%emt 00:01:15]} 35. Rd7 {[%clk 01:11:23]} {[%emt 00:03:53]} Nc4 {[%clk
00:06:58]} {[%emt 00:02:18]} 36. Kg2 {[%clk 01:09:26]} {[%emt 00:02:27]} h5
{[%clk 00:04:22]} {[%emt 00:03:06]} 37. Rd4 {[%clk 01:08:34]} {[%emt 00:01:21]}
Nb6 {[%clk 00:02:35]} {[%emt 00:02:18]} 38. Rxe4 {[%clk 01:07:32]} {[%emt
00:01:32]} Re5 {[%clk 00:02:55]} {[%emt 00:00:09]} 39. Rxe5 {[%clk 01:07:53]}
{[%emt 00:00:09]} fxe5 {[%clk 00:03:22]} {[%emt 00:00:04]} 40. a5 {[%clk
01:08:20]} {[%emt 00:00:04]} Nc4 {[%clk 00:03:41]} {[%emt 00:00:11]} 41. a6
{[%clk 01:08:22]} {[%emt 00:00:27]} e4 {[%clk 00:03:22]} {[%emt 00:00:48]} 42.
Nc2 {[%clk 01:08:00]} {[%emt 00:00:52]} Kg5 {[%clk 00:00:50]} {[%emt 00:03:01]}
43. Nb4 {[%clk 01:07:40]} {[%emt 00:00:51]} Nb2 {[%clk 00:29:53]} {[%emt
00:01:27]} 44. Nd5 {[%clk 01:37:10]} {[%emt 00:00:59]} Nd3 {[%clk 00:21:08]}
{[%emt 00:09:15]} 45. Nc3 {[%clk 01:36:45]} {[%emt 00:00:55]} Nc5 {[%clk
00:20:54]} {[%emt 00:00:45]} 46. Nb5 {[%clk 01:37:06]} {[%emt 00:00:10]} Nxa6
{[%clk 00:21:01]} {[%emt 00:00:23]} 47. Nxa7 {[%clk 01:37:25]} {[%emt
00:00:10]} h4 {[%clk 00:17:52]} {[%emt 00:03:39]} 48. f4+ {[%emt 00:02:37]}
1/2-1/2

[Event "ODJM C 2024"]
[Site "Willingen GER"]
[Date "2024.05.22"]
[Round "5"]
[White "Schmidt, Emelie"]
[Black "Glaser-Gallion, Ludwig"]
[Result "1-0"]
[Termination "normal"]
[Board "16"]
[WhiteElo "1171"]
[BlackElo "1236"]
[WhiteClock "00:21:59"]
[BlackClock "00:08:04"]
[PlyCount "141"]
[WhiteFideId "34682490"]
[BlackFideId "533001880"]
[EventCountry "GER"]
[EventRounds "9"]
[EventType "swiss"]
[EventDate "2024.05.18"]

1. d4 {[%clk 01:30:58]} {[%emt 00:00:01]} Nf6 {[%clk 01:30:39]} {[%emt
00:00:21]} 2. Nf3 {[%clk 01:31:16]} {[%emt 00:00:12]} g6 {[%clk 01:30:48]}
{[%emt 00:00:21]} 3. Bf4 {[%clk 01:31:25]} {[%emt 00:00:21]} Bg7 {[%clk
01:31:00]} {[%emt 00:00:18]} 4. e3 {[%clk 01:31:30]} {[%emt 00:00:25]} Nc6
{[%clk 01:30:39]} {[%emt 00:00:51]} 5. Be2 {[%clk 01:29:45]} {[%emt 00:02:15]}
d5 {[%clk 01:29:03]} {[%emt 00:02:05]} 6. h3 {[%clk 01:27:53]} {[%emt
00:02:21]} Bf5 {[%clk 01:27:38]} {[%emt 00:01:56]} 7. c4 {[%clk 01:27:00]}
{[%emt 00:01:23]} e6 {[%clk 01:27:16]} {[%emt 00:00:52]} 8. O-O {[%clk
01:25:57]} {[%emt 00:01:33]} O-O {[%clk 01:26:54]} {[%emt 00:00:51]} 9. Nc3
{[%clk 01:24:27]} {[%emt 00:02:00]} Be4 {[%clk 01:11:25]} {[%emt 00:15:59]} 10.
Nxe4 {[%clk 01:15:24]} {[%emt 00:09:33]} Nxe4 {[%clk 01:10:13]} {[%emt
00:01:42]} 11. Rc1 {[%clk 01:12:56]} {[%emt 00:02:59]} Re8 {[%clk 01:03:01]}
{[%emt 00:07:42]} 12. cxd5 {[%clk 01:00:20]} {[%emt 00:13:06]} exd5 {[%clk
01:03:01]} {[%emt 00:00:30]} 13. Bb5 {[%clk 00:59:27]} {[%emt 00:01:23]} Re6
{[%clk 00:58:44]} {[%emt 00:04:46]} 14. Qa4 {[%clk 00:54:05]} {[%emt 00:05:54]}
Qd7 {[%clk 00:46:46]} {[%emt 00:12:28]} 15. Qd1 {[%clk 00:46:44]} {[%emt
00:07:50]} a6 {[%clk 00:46:17]} {[%emt 00:00:59]} 16. Bd3 {[%clk 00:46:44]}
{[%emt 00:00:30]} Rc8 {[%clk 00:40:29]} {[%emt 00:06:18]} 17. Qb3 {[%clk
00:46:12]} {[%emt 00:01:02]} Rb8 {[%clk 00:35:42]} {[%emt 00:05:18]} 18. Rfd1
{[%clk 00:42:24]} {[%emt 00:04:18]} Ree8 {[%clk 00:25:34]} {[%emt 00:10:37]}
19. Be2 {[%clk 00:36:01]} {[%emt 00:06:53]} Rec8 {[%clk 00:24:36]} {[%emt
00:01:27]} 20. Ng5 {[%clk 00:33:27]} {[%emt 00:03:04]} Nxg5 {[%clk 00:21:25]}
{[%emt 00:03:41]} 21. Bxg5 {[%clk 00:33:39]} {[%emt 00:00:19]} Re8 {[%clk
00:19:43]} {[%emt 00:02:11]} 22. Bf3 {[%clk 00:32:51]} {[%emt 00:01:18]} h6
{[%clk 00:18:33]} {[%emt 00:01:41]} 23. Bh4 {[%clk 00:32:30]} {[%emt 00:00:50]}
g5 {[%clk 00:17:53]} {[%emt 00:01:10]} 24. Bg3 {[%clk 00:32:42]} {[%emt
00:00:18]} Red8 {[%clk 00:17:57]} {[%emt 00:00:26]} 25. Rc5 {[%clk 00:32:38]}
{[%emt 00:00:35]} Bf8 {[%clk 00:12:40]} {[%emt 00:05:47]} 26. Rxd5 {[%clk
00:32:29]} {[%emt 00:00:39]} Qe7 {[%clk 00:12:56]} {[%emt 00:00:13]} 27. Rxd8
{[%clk 00:32:41]} {[%emt 00:00:17]} Qxd8 {[%clk 00:13:15]} {[%emt 00:00:11]}
28. Qc2 {[%clk 00:32:07]} {[%emt 00:01:04]} Bd6 {[%clk 00:13:18]} {[%emt
00:00:28]} 29. Bxd6 {[%clk 00:32:15]} {[%emt 00:00:22]} Qxd6 {[%clk 00:13:41]}
{[%emt 00:00:07]} 30. a3 {[%clk 00:30:56]} {[%emt 00:01:50]} Rd8 {[%clk
00:12:35]} {[%emt 00:01:36]} 31. Rc1 {[%clk 00:30:39]} {[%emt 00:00:46]} Rb8
{[%clk 00:11:18]} {[%emt 00:01:47]} 32. b4 {[%clk 00:30:35]} {[%emt 00:00:35]}
Ra8 {[%clk 00:09:48]} {[%emt 00:02:00]} 33. Bxc6 {[%clk 00:30:25]} {[%emt
00:00:40]} bxc6 {[%clk 00:10:02]} {[%emt 00:00:15]} 34. Qxc6 {[%clk 00:30:45]}
{[%emt 00:00:10]} Qxc6 {[%clk 00:10:28]} {[%emt 00:00:04]} 35. Rxc6 {[%clk
00:31:10]} {[%emt 00:00:05]} Ra7 {[%clk 00:10:53]} {[%emt 00:00:05]} 36. Rxh6
{[%clk 00:31:22]} {[%emt 00:00:18]} Kg7 {[%clk 00:11:05]} {[%emt 00:00:18]} 37.
Rc6 {[%clk 00:31:31]} {[%emt 00:00:21]} f6 {[%clk 00:11:06]} {[%emt 00:00:30]}
38. Kf1 {[%clk 00:31:50]} {[%emt 00:00:11]} Kf7 {[%clk 00:11:17]} {[%emt
00:00:19]} 39. Ke2 {[%clk 00:32:14]} {[%emt 00:00:05]} Ke7 {[%clk 00:11:29]}
{[%emt 00:00:19]} 40. Kd3 {[%clk 00:32:38]} {[%emt 00:00:06]} f5 {[%clk
00:11:29]} {[%emt 00:00:30]} 41. Kc4 {[%clk 00:32:50]} {[%emt 00:00:18]} Kd7
{[%clk 00:11:24]} {[%emt 00:00:35]} 42. Rg6 {[%clk 00:33:01]} {[%emt 00:00:18]}
a5 {[%clk 00:11:30]} {[%emt 00:00:24]} 43. b5 {[%clk 00:33:16]} {[%emt
00:00:15]} Ra8 {[%clk 00:10:38]} {[%emt 00:01:23]} 44. Rxg5 {[%clk 00:33:11]}
{[%emt 00:00:35]} Rc8 {[%clk 00:11:03]} {[%emt 00:00:06]} 45. d5 {[%clk
00:32:07]} {[%emt 00:01:35]} Re8 {[%clk 00:11:09]} {[%emt 00:00:23]} 46. Rxf5
{[%clk 00:31:07]} {[%emt 00:01:29]} Re4+ {[%clk 00:11:23]} {[%emt 00:00:16]}
47. Kb3 {[%clk 00:31:20]} {[%emt 00:00:18]} Re8 {[%clk 00:11:06]} {[%emt
00:00:47]} 48. Rf4 {[%clk 00:31:28]} {[%emt 00:00:22]} Rg8 {[%clk 00:11:18]}
{[%emt 00:00:18]} 49. g4 {[%clk 00:31:44]} {[%emt 00:00:13]} Rh8 {[%clk
00:11:39]} {[%emt 00:00:10]} 50. Rf3 {[%clk 00:31:50]} {[%emt 00:00:25]} Kd6
{[%clk 00:11:45]} {[%emt 00:00:24]} 51. Kc4 {[%clk 00:32:03]} {[%emt 00:00:17]}
Rh6 {[%clk 00:11:33]} {[%emt 00:00:42]} 52. Kd4 {[%clk 00:31:22]} {[%emt
00:01:11]} Rg6 {[%clk 00:11:18]} {[%emt 00:00:45]} 53. e4 {[%clk 00:26:29]}
{[%emt 00:05:23]} Rg5 {[%clk 00:11:24]} {[%emt 00:00:24]} 54. Rf5 {[%clk
00:26:41]} {[%emt 00:00:18]} Rg8 {[%clk 00:10:56]} {[%emt 00:00:58]} 55. a4
{[%clk 00:26:20]} {[%emt 00:00:52]} Rh8 {[%clk 00:11:00]} {[%emt 00:00:24]} 56.
Rh5 {[%clk 00:26:34]} {[%emt 00:00:15]} Rf8 {[%clk 00:11:17]} {[%emt 00:00:15]}
57. Rf5 {[%clk 00:26:15]} {[%emt 00:00:49]} Rh8 {[%clk 00:11:15]} {[%emt
00:00:31]} 58. Rf3 {[%clk 00:26:36]} {[%emt 00:00:09]} Rh6 {[%clk 00:10:52]}
{[%emt 00:00:54]} 59. Rc3 {[%clk 00:24:16]} {[%emt 00:02:50]} Rh7 {[%clk
00:09:42]} {[%emt 00:01:40]} 60. f4 {[%clk 00:20:33]} {[%emt 00:04:13]} Rf7
{[%clk 00:09:31]} {[%emt 00:00:41]} 61. f5 {[%clk 00:20:55]} {[%emt 00:00:08]}
Rh7 {[%clk 00:09:33]} {[%emt 00:00:26]} 62. e5+ {[%clk 00:20:56]} {[%emt
00:00:30]} Kd7 {[%clk 00:09:50]} {[%emt 00:00:14]} 63. e6+ {[%clk 00:21:09]}
{[%emt 00:00:18]} Kd8 {[%clk 00:10:13]} {[%emt 00:00:06]} 64. Ke5 {[%clk
00:21:03]} {[%emt 00:00:36]} Ke8 {[%clk 00:09:51]} {[%emt 00:00:53]} 65. Kf6
{[%clk 00:20:55]} {[%emt 00:00:37]} c5 {[%clk 00:09:19]} {[%emt 00:01:02]} 66.
dxc6 {[%clk 00:20:46]} {[%emt 00:00:39]} Rc7 {[%clk 00:07:51]} {[%emt
00:01:58]} 67. b6 {[%clk 00:20:45]} {[%emt 00:00:32]} Rc8 {[%clk 00:07:24]}
{[%emt 00:00:54]} 68. b7 {[%clk 00:21:06]} {[%emt 00:00:42]} Rb8 {[%clk
00:07:39]} {[%emt 00:00:44]} 69. c7 {[%clk 00:21:24]} {[%emt 00:00:12]} Rd8
{[%clk 00:07:51]} {[%emt 00:00:18]} 70. cxd8=Q+ {[%clk 00:21:36]} {[%emt
00:00:18]} Kxd8 {[%clk 00:08:04]} {[%emt 00:00:15]} 71. b8=Q# {[%clk 00:21:59]}
{[%emt 00:00:08]} 1-0